Zmiany warunków mieszkaniowych w latach 1971-1988.

Spracované podľa výsledkov sčítania obyvateľstva z r. 1988 v Poľsku. Všeobecné údaje. Nedostatok bytov. Veľkosť bytov. Zaľudnenie bytov. Kvalita bytového fondu. Vybavenie bytov. Obyvateľstvo nachádzajúce sa v krajne zlých bytových podmienkach v roku 1988.

Gespeichert in:
Bibliographische Detailangaben
1. Verfasser: Ratajczak, B.
Format: Buchkapitel
Sprache:Polnisch
Schlagworte:
Tags: Tag hinzufügen
Keine Tags, Fügen Sie das erste Tag hinzu!

MARC

LEADER 00000naa a2200000 4500
001 r004713
005 20221125123059.1
041 0 |a pol 
044 |a PL 
245 1 0 |a Zmiany warunków mieszkaniowych w latach 1971-1988.  |c B. Ratajczak 
520 |a Spracované podľa výsledkov sčítania obyvateľstva z r. 1988 v Poľsku. Všeobecné údaje. Nedostatok bytov. Veľkosť bytov. Zaľudnenie bytov. Kvalita bytového fondu. Vybavenie bytov. Obyvateľstvo nachádzajúce sa v krajne zlých bytových podmienkach v roku 1988. 
610 2 0 |a byty 
610 2 0 |a bývanie 
610 2 0 |a PR 
610 2 0 |a 1971-1988 
610 2 0 |a údaje štatistické 
100 1 |a Ratajczak, B.